Historical Kingdom by Capital and Ruler - Statistics

General Stats
  • This quiz has been taken 101 times
  • The average score is 8 of 15
Answer Stats
Capital Ruler Kingdom % Correct
Munich Ludwig II Kingdom of {Bavaria}
93%
Tbilisi George VIII Kingdom of {Georgia}
93%
Belgrade Alexander I Kingdom of {Yugoslavia}
82%
Winchester Alfred the Great Wessex
82%
Kathmandu Birendra Bir Bikram Shah Kingdom of {Nepal}
76%
Palermo Roger II Kingdom of {Sicily}
74%
Ulundi Shaka Kingdom of {Zulu}
73%
Hilo Kamehameha I {Hawaiian} Kingdom
63%
Pamplona Íñigo Arista Kingdom of {Navarre}
51%
Gyeongju Hyeokgeose Silla
28%
Sardis Croesus Lydia
26%
Vagharshapat Tigranes the Great Kingdom of {Armenia}
24%
Meroë Amanislo Kingdom of {Kush}
20%
Petra Obodas I {Nabataean} Kingdom
18%
Taxila Apollodotus I Soter {Indo}-{Greek} Kingdom
17%
No matching quizzes found
Score Distribution
Percent of People with Each Score
Percentile by Number Answered
Your Score History
You have not taken this quiz